[Event "Open A"]
[Site "Livigno ITA"]
[Date "2010.09.16"]
[Round "7"]
[White "Cimmino, Pietro"]
[Black "Bossi, Alessandro"]
[WhiteElo "2098"]
[BlackElo "2012"]
[Result "1-0"]
[PlyCount "83"]
[EventDate "2010.09.10"]

1. e4 c5 2. Nf3 Nc6 3. d4 cxd4 4. Nxd4 Nf6 5. Nc3 Qc7 6. Be3 e6 7. Qd2 a6 8. f3
d6 9. g4 h6 10. O-O-O Bd7 11. h4 O-O-O 12. Bd3 Ne5 13. Qe2 Nxd3+ 14. cxd3 e5
15. Nc2 d5 16. exd5 Qa5 17. d4 e4 18. Bf4 Nxd5 19. Nxd5 Qxd5 20. fxe4 Qxa2 21.
Rh3 Bb5 22. Rc3+ Kd7 23. Rc7+ Ke8 24. Qd2 Qe6 25. d5 Qxg4 26. d6 Bd7 27. Nb4 f6
28. e5 Kf7 29. exf6 gxf6 30. Qd5+ Kg6 31. h5+ Kh7 32. Qd3+ Kg8 33. Nd5 Kf7 34.
Qd4 Bg7 35. Rg1 Qe6 36. Qd3 Rhg8 37. Qg6+ Kf8 38. Bxh6 Qf7 39. Bxg7+ Rxg7 40.
Qxg7+ Qxg7 41. Rxg7 Kxg7 42. Nb6 1-0

[Event "Open A"]
[Site "Livigno ITA"]
[Date "2010.09.16"]
[Round "7"]
[White "Fuchs, Ludek"]
[Black "Trens, Yohan"]
[WhiteElo "2046"]
[BlackElo "2086"]
[Result "0-1"]
[PlyCount "78"]
[EventDate "2010.09.10"]

1. d4 Nf6 2. c4 g6 3. Nc3 Bg7 4. e4 d6 5. f3 O-O 6. Be3 Nbd7 7. Qd2 c5 8. Nge2
a6 9. g4 Qa5 10. Ng3 cxd4 11. Bxd4 Ne5 12. Be2 Be6 13. Nd5 Qxd2+ 14. Kxd2 Bxd5
15. cxd5 Nfd7 16. Ke3 Rfc8 17. Rac1 Nc5 18. f4 Ned7 19. Bxg7 Kxg7 20. g5 b5 21.
Bg4 b4 22. Rc2 Rc7 23. Rhc1 Nb6 24. f5 a5 25. h4 Nbd7 26. h5 Ne5 27. Be2 a4 28.
h6+ Kg8 29. Nf1 Rb7 30. Nd2 f6 31. gxf6 exf6 32. b3 Re8 33. Kd4 Nf7 34. bxa4
Nxh6 35. fxg6 hxg6 36. Rh1 Nf5+ 37. exf5 Rxe2 38. fxg6 Rbe7 39. Rh4 R7e3 0-1

[Event "Open A"]
[Site "Livigno ITA"]
[Date "2010.09.16"]
[Round "7"]
[White "Hrzica, Rok"]
[Black "Cordova, Emilio"]
[WhiteElo "2308"]
[BlackElo "2539"]
[Result "1/2-1/2"]
[PlyCount "115"]
[EventDate "2010.09.10"]

1. e4 c5 2. c3 d5 3. exd5 Qxd5 4. d4 Nc6 5. Nf3 Bg4 6. Be2 cxd4 7. cxd4 e6 8.
Nc3 Qa5 9. O-O Nf6 10. Ne5 Bxe2 11. Nxe2 Nxe5 12. dxe5 Qxe5 13. Bf4 Qb5 14. Nc3
Qc6 15. Qb3 Be7 16. Rac1 O-O 17. Rfd1 Qb6 18. Qxb6 axb6 19. Bd6 Rfe8 20. Bxe7
Rxe7 21. Rd6 Rd7 22. Rxb6 h5 23. h3 Rc8 24. Re1 Nd5 25. Nxd5 exd5 26. Rd1 Rc2
27. a3 g6 28. Rb3 Re7 29. Rxd5 Re1+ 30. Kh2 Rxf2 31. Rxb7 Ree2 32. Rg5 Kg7 33.
Rg3 Kh6 34. h4 Rf4 35. Rb4 Rxb4 36. axb4 Rxb2 37. Rf3 Rxb4 38. Rxf7 Rxh4+ 39.
Kg3 Ra4 40. Rb7 Ra3+ 41. Kh2 h4 42. Rb5 Rg3 43. Ra5 g5 44. Ra8 Kh5 45. Rb8 Re3
46. Ra8 Re4 47. Rb8 Re2 48. Ra8 Rd2 49. Rb8 g4 50. Rh8+ Kg5 51. Rg8+ Kf4 52.
Rf8+ Ke3 53. Re8+ Kf2 54. Rf8+ Ke1 55. Rf4 h3 56. Rxg4 hxg2 57. Rxg2 Rxg2+ 58.
Kxg2 1/2-1/2

[Event "Open A"]
[Site "Livigno ITA"]
[Date "2010.09.16"]
[Round "7"]
[White "Kantorik, Marian"]
[Black "Umanec, Filip"]
[WhiteElo "2379"]
[BlackElo "2206"]
[Result "1-0"]
[PlyCount "89"]
[EventDate "2010.09.10"]

1. d4 d6 2. c4 Nf6 3. Nc3 g6 4. e4 Bg7 5. Be2 O-O 6. Bg5 c5 7. d5 h6 8. Bf4 b5
9. cxb5 a6 10. a4 Qa5 11. Bd2 Nbd7 12. Nf3 Qc7 13. O-O e6 14. dxe6 fxe6 15. Bc4
Nb6 16. Ba2 a5 17. Re1 d5 18. exd5 exd5 19. Ne5 Kh7 20. Bb1 Bf5 21. Bxf5 gxf5
22. Bf4 Qb7 23. Nc6 Rfe8 24. Qc2 Qd7 25. Ne5 Qc8 26. Nf3 Ne4 27. Rad1 Qe6 28.
Nd2 Bd4 29. Be3 Bxe3 30. fxe3 Rg8 31. Re2 Rg5 32. b3 Rag8 33. Nf3 Rg4 34. Rf1
Nd7 35. Ne1 Ndf6 36. Nxe4 Nxe4 37. Nd3 Qg6 38. Nf4 Qd6 39. Nd3 Qg6 40. Ne5 Qh5
41. Nxg4 Rxg4 42. Qd3 Qf7 43. Rd1 d4 44. exd4 cxd4 45. Qc4 1-0

[Event "Open A"]
[Site "Livigno ITA"]
[Date "2010.09.16"]
[Round "7"]
[White "Milenkovic, Mladen"]
[Black "Karl, Hans"]
[WhiteElo "2406"]
[BlackElo "2211"]
[Result "0-1"]
[PlyCount "67"]
[EventDate "2010.09.10"]

1. c4 Nf6 2. Nc3 e5 3. g3 d6 4. Bg2 c6 5. d4 Be7 6. e4 O-O 7. Nge2 Nbd7 8. h3
b6 9. O-O Bb7 10. g4 b5 11. cxb5 cxb5 12. Ng3 b4 13. Nce2 d5 14. dxe5 Nxe4 15.
f4 f6 16. Nxe4 dxe4 17. Qb3+ Kh8 18. Be3 fxe5 19. Rfd1 Qe8 20. f5 Nb6 21. Ng3
Rd8 22. Rxd8 Qxd8 23. Rd1 Qc7 24. Bxe4 Bxe4 25. Nxe4 h6 26. Qe6 Qc2 27. Nf2 Bh4
28. Qb3 Qe2 29. Kg2 Rc8 30. Rd2 Qe1 31. Rd1 Qe2 32. Rd2 Qe1 33. Qd1 Qxe3 34.
Qb3 0-1

[Event "Open A"]
[Site "Livigno ITA"]
[Date "2010.09.16"]
[Round "7"]
[White "Petkov, Vladimir"]
[Black "Bentivegna, Francesco"]
[WhiteElo "2513"]
[BlackElo "2360"]
[Result "1-0"]
[PlyCount "155"]
[EventDate "2010.09.10"]

1. Nf3 b6 2. c4 Bb7 3. Nc3 e6 4. d4 f5 5. a3 Nf6 6. d5 Na6 7. g3 Nc5 8. Bg2 Be7
9. O-O O-O 10. Nd4 a5 11. b3 Qe8 12. Ndb5 Bd8 13. Bb2 e5 14. b4 axb4 15. axb4
Na6 16. Ra4 d6 17. Qc2 Qh5 18. e3 Be7 19. Qe2 Qh6 20. h3 g5 21. f4 g4 22. hxg4
Nxg4 23. Bf3 Qh3 24. Bxg4 Qxg3+ 25. Kh1 fxg4 26. Rg1 Qh4+ 27. Qh2 h5 28. Ne2 c6
29. Nbc3 b5 30. cxb5 cxb5 31. Ra5 Nc7 32. Qxh4 Bxh4 33. Rxa8 Bxa8 34. Rd1 Bf2
35. fxe5 dxe5 36. e4 h4 37. Rf1 h3 38. Kh2 Rf3 39. Nd1 Bb6 40. Rxf3 gxf3 41.
Ng3 Bxd5 42. exd5 Nxd5 43. Bc3 f2 44. Kxh3 e4 45. Kg2 Nf4+ 46. Kf1 e3 47. Be5
Nd5 48. Bd6 Bc7 49. Bxc7 Nxc7 50. Nxe3 Na6 51. Nc2 Kf7 52. Kxf2 Kf6 53. Ke3 Ke5
54. Ne4 Kd5 55. Kd3 Ke5 56. Nd2 Kd5 57. Nf3 Kc6 58. Kd4 Kd6 59. Ng5 Kc6 60. Ne4
Kc7 61. Kd5 Kd8 62. Ke6 Nc7+ 63. Kd6 Na6 64. Nf6 Kc8 65. Ne8 Kd8 66. Ng7 Kc8
67. Ne6 Kb8 68. Kd7 Ka7 69. Nc5 Nxb4 70. Nxb4 Kb6 71. Nb3 Kb7 72. Kd8 Ka8 73.
Kc8 Ka7 74. Kc7 Ka8 75. Na5 Ka7 76. Nac6+ Ka8 77. Nd5 b4 78. Nb6# 1-0

[Event "Open A"]
[Site "Livigno ITA"]
[Date "2010.09.16"]
[Round "7"]
[White "Rotstein, Arkadij"]
[Black "Shachar, Ehud"]
[WhiteElo "2542"]
[BlackElo "2353"]
[Result "1-0"]
[PlyCount "75"]
[EventDate "2010.09.10"]

1. Nf3 e6 2. g3 f5 3. Bg2 Nf6 4. O-O Be7 5. c4 O-O 6. Nc3 d6 7. d4 Ne4 8. Nxe4
fxe4 9. Nd2 d5 10. f3 e3 11. Nb1 dxc4 12. Bxe3 Bf6 13. Na3 c5 14. dxc5 Bxb2 15.
Qxd8 Rxd8 16. Rad1 Rxd1 17. Rxd1 Nc6 18. Nxc4 Bf6 19. f4 Kf8 20. Nd6 Ke7 21.
Rb1 Kd7 22. Be4 h6 23. f5 e5 24. Bd5 Nd8 25. Nxb7 Rb8 26. Rd1 Nxb7 27. Bxb7+
Kc7 28. Bxc8 Kxc8 29. Kf2 Rb4 30. Rd6 h5 31. Ra6 Kb7 32. Ra3 Rc4 33. c6+ Kxc6
34. Rxa7 h4 35. a4 h3 36. a5 Ra4 37. a6 e4 38. Ra8 1-0

[Event "Open A"]
[Site "Livigno ITA"]
[Date "2010.09.16"]
[Round "7"]
[White "Skliba, Martin"]
[Black "Berend, Fred"]
[WhiteElo "2287"]
[BlackElo "2382"]
[Result "1-0"]
[PlyCount "51"]
[EventDate "2010.09.10"]

1. d4 Nf6 2. c4 e6 3. Nc3 Bb4 4. e3 O-O 5. Bd3 d5 6. Nge2 dxc4 7. Bxc4 Nbd7 8.
O-O e5 9. Bxf7+ Rxf7 10. dxe5 Qe7 11. exf6 Nxf6 12. Nf4 c6 13. Qd3 Ng4 14. h3
Ne5 15. Qe2 Bd7 16. f3 Rd8 17. Ne4 Ba5 18. b3 Bb6 19. Kh1 Qh4 20. Bb2 Rxf4 21.
exf4 Nd3 22. Ng5 Bf5 23. Qe7 Nxb2 24. Qf7+ Kh8 25. Qxf5 Re8 26. g3 1-0

[Event "Open A"]
[Site "Livigno ITA"]
[Date "2010.09.16"]
[Round "7"]
[White "Valsecchi, Alessio"]
[Black "Aguettaz, Maxime"]
[WhiteElo "2331"]
[BlackElo "2412"]
[Result "1/2-1/2"]
[PlyCount "64"]
[EventDate "2010.09.10"]

1. e4 c5 2. c3 d6 3. Nf3 Nf6 4. Be2 Nbd7 5. d3 g6 6. O-O Bg7 7. Nbd2 O-O 8. a4
b6 9. Re1 Bb7 10. Bf1 Rc8 11. d4 cxd4 12. cxd4 Rc7 13. h3 Qa8 14. d5 Rfc8 15.
a5 bxa5 16. Nb3 Nc5 17. Nxc5 Rxc5 18. Be3 Nxe4 19. Bxc5 Nxc5 20. Rxe7 a4 21.
Qd2 Bf6 22. Ree1 Bxd5 23. Rad1 Bxf3 24. gxf3 Qxf3 25. Qxd6 Bxb2 26. Qe7 Qf6 27.
Bc4 Kg7 28. Qxa7 Qg5+ 29. Kf1 Qf5 30. Kg1 Qg5+ 31. Kf1 Qf5 32. Kg1 Qg5+ 1/2-1/2

[Event "Open A"]
[Site "Livigno ITA"]
[Date "2010.09.17"]
[Round "8"]
[White "Aguettaz, Maxime"]
[Black "Bertagnolli, Alexander"]
[WhiteElo "2412"]
[BlackElo "2395"]
[Result "1/2-1/2"]
[PlyCount "38"]
[EventDate "2010.09.10"]

1. Nf3 b5 2. e3 a6 3. b3 e6 4. c4 d5 5. cxb5 axb5 6. Bxb5+ c6 7. Be2 Nf6 8. O-O
Bd6 9. Bb2 O-O 10. d3 Re8 11. Nbd2 e5 12. e4 Nbd7 13. Re1 Qb6 14. d4 Nxe4 15.
Nxe4 dxe4 16. Nxe5 Nxe5 17. dxe5 Bxe5 18. Bxe5 Rxe5 19. Bc4 Ba6 1/2-1/2

[Event "Open A"]
[Site "Livigno ITA"]
[Date "2010.09.17"]
[Round "8"]
[White "Arnaudov, G. Petar"]
[Black "Petkov, Vladimir"]
[WhiteElo "2442"]
[BlackElo "2513"]
[Result "1-0"]
[PlyCount "71"]
[EventDate "2010.09.10"]

1. Nf3 Nf6 2. c4 c5 3. Nc3 Nc6 4. d4 cxd4 5. Nxd4 g6 6. e4 Bg7 7. Be3 O-O 8.
Be2 d6 9. O-O Bd7 10. Qd2 Nxd4 11. Bxd4 Bc6 12. f3 a5 13. b3 Nd7 14. Be3 Nc5
15. Rab1 Qb6 16. Rfc1 Rfc8 17. Rc2 Qb4 18. Qc1 Qb6 19. a3 Qd8 20. Qd2 h5 21.
Bf1 Kh7 22. b4 axb4 23. axb4 Na4 24. Nd5 Bxd5 25. exd5 Qh8 26. c5 Bc3 27. Qd3
Bf6 28. Rb3 Qe8 29. Qb5 Qxb5 30. Bxb5 Nb6 31. Rd2 Ra1+ 32. Kf2 Na4 33. Rc2 Nb6
34. Bc6 bxc6 35. cxb6 c5 36. b7 1-0

[Event "Open A"]
[Site "Livigno ITA"]
[Date "2010.09.17"]
[Round "8"]
[White "Bentivegna, Francesco"]
[Black "Karl, Hans"]
[WhiteElo "2360"]
[BlackElo "2211"]
[Result "1/2-1/2"]
[PlyCount "87"]
[EventDate "2010.09.10"]

1. e4 e5 2. f4 Bc5 3. Nf3 d6 4. c3 Nf6 5. d4 Bb6 6. fxe5 Nxe4 7. Bd3 d5 8. Nbd2
f5 9. exf6 Nxf6 10. Qe2+ Qe7 11. Qxe7+ Kxe7 12. O-O c5 13. Re1+ Kf8 14. dxc5
Bxc5+ 15. Kf1 Nc6 16. Nb3 Bd6 17. Be3 Bg4 18. Bc5 Rd8 19. Nfd4 Nxd4 20. Bxd6+
Rxd6 21. Nxd4 Bd7 22. Re2 Kf7 23. Nf3 Re8 24. Ne5+ Kf8 25. Rae1 g6 26. Nxd7+
Rxd7 27. Rxe8+ Nxe8 28. Rxe8+ Kxe8 29. Bb5 Ke7 30. Bxd7 Kxd7 31. Ke2 Kd6 32.
Kd3 Ke5 33. Ke3 h5 34. g3 g5 35. h3 Kf5 36. b3 Ke5 37. g4 h4 38. a4 a5 39. b4
b6 40. b5 Kd6 41. Kd4 Ke6 42. Kd3 Ke5 43. Ke3 Kd6 44. Kd4 1/2-1/2

[Event "Open A"]
[Site "Livigno ITA"]
[Date "2010.09.17"]
[Round "8"]
[White "Berend, Fred"]
[Black "Cocchi, Andrea"]
[WhiteElo "2382"]
[BlackElo "2266"]
[Result "0-1"]
[PlyCount "104"]
[EventDate "2010.09.10"]

1. d4 c6 2. c4 d5 3. Nf3 e6 4. Qc2 f5 5. Bf4 Nf6 6. e3 Be7 7. Bd3 O-O 8. O-O
Ne4 9. Bxb8 Rxb8 10. Ne5 Bf6 11. f3 Nd6 12. Nd2 Nf7 13. f4 Nxe5 14. dxe5 Be7
15. Nb3 Bd7 16. Rac1 Rc8 17. c5 b6 18. Rf2 Kh8 19. Qc3 Rb8 20. a3 Rg8 21. g3 g5
22. Bf1 Qf8 23. Bg2 Qg7 24. Kh1 h5 25. Rd2 h4 26. gxh4 gxf4 27. exf4 Qh6 28.
Rf1 Rg4 29. Rf3 Rbg8 30. Qe3 Qg7 31. Rg3 Rxg3 32. hxg3 Qxg3 33. Qxg3 Rxg3 34.
cxb6 axb6 35. Nd4 Rg4 36. Ne2 Rxh4+ 37. Kg1 Be8 38. Kf2 Bc5+ 39. Kg3 Rh7 40.
Bf3 Rg7+ 41. Kh3 Bf2 42. Rd1 c5 43. b3 d4 44. a4 Be3 45. Kh4 Kg8 46. Kh3 Kf8
47. Kh4 Ke7 48. Kh3 Kd8 49. Kh4 Kc7 50. b4 Bc6 51. Bh5 Bf2+ 52. Kh3 Rh7 0-1

[Event "Open A"]
[Site "Livigno ITA"]
[Date "2010.09.17"]
[Round "8"]
[White "Cordova, Emilio"]
[Black "Valsecchi, Alessio"]
[WhiteElo "2539"]
[BlackElo "2331"]
[Result "1-0"]
[PlyCount "81"]
[EventDate "2010.09.10"]

1. d4 d5 2. Nf3 Nf6 3. c4 c6 4. e3 e6 5. Nbd2 Be7 6. Bd3 O-O 7. O-O Nbd7 8. Qe2
b6 9. e4 dxe4 10. Nxe4 Bb7 11. Rd1 c5 12. Nxf6+ Bxf6 13. dxc5 bxc5 14. Bc2 Re8
15. Ba4 Bxf3 16. Qxf3 Bd4 17. Be3 e5 18. Bxd4 cxd4 19. c5 Re7 20. Bxd7 Rxd7 21.
b4 Rc8 22. Rac1 g6 23. a4 Qe7 24. c6 Rd6 25. b5 e4 26. Qh3 Rc7 27. Rc4 e3 28.
fxe3 dxe3 29. Re1 Re6 30. Qh4 g5 31. Qd4 Rc8 32. Qd7 Qxd7 33. cxd7 Rf8 34. Rc7
f5 35. Rd1 e2 36. Re1 Re4 37. Kf2 Rf4+ 38. Kxe2 Rxa4 39. Rd1 Re4+ 40. Kf1 Rd8
41. Rc8 1-0

[Event "Open A"]
[Site "Livigno ITA"]
[Date "2010.09.17"]
[Round "8"]
[White "Damia, Angelo"]
[Black "Codenotti, Marco"]
[WhiteElo "2287"]
[BlackElo "2175"]
[Result "0-1"]
[PlyCount "78"]
[EventDate "2010.09.10"]

1. d4 Nf6 2. c4 g6 3. Nc3 d5 4. Bf4 Bg7 5. Nf3 O-O 6. e3 c5 7. dxc5 Qa5 8. Rc1
dxc4 9. Bxc4 Qxc5 10. Bb3 Qa5 11. O-O Nc6 12. h3 Bf5 13. Qe2 Ne4 14. Nd5 e5 15.
Rxc6 bxc6 16. Ne7+ Kh8 17. Nxc6 Qb6 18. Ncxe5 Be6 19. Bxe6 Qxe6 20. Qc2 f5 21.
Qa4 g5 22. Bh2 Rac8 23. Qxa7 g4 24. Nd4 Qe8 25. Nd3 gxh3 26. gxh3 Rf7 27. Qa6
Bxd4 28. exd4 Rg7+ 29. Kh1 Ra8 30. Qh6 Nxf2+ 31. Nxf2 Qe2 32. Qxg7+ Kxg7 33.
Be5+ Kf7 34. Kg1 h5 35. Nh1 Rg8+ 36. Ng3 h4 37. Rxf5+ Ke8 38. Bf4 Qe1+ 39. Kg2
Rxg3+ 0-1

[Event "Open A"]
[Site "Livigno ITA"]
[Date "2010.09.17"]
[Round "8"]
[White "Jedlicka, Ales"]
[Black "Cimmino, Pietro"]
[WhiteElo "2279"]
[BlackElo "2098"]
[Result "1/2-1/2"]
[PlyCount "97"]
[EventDate "2010.09.10"]

1. Nf3 Nf6 2. c4 e6 3. g3 b6 4. Bg2 Bb7 5. O-O d5 6. cxd5 exd5 7. d4 Be7 8. Nc3
O-O 9. Ne5 Nbd7 10. Bf4 Ne4 11. Nxe4 dxe4 12. Qa4 Nxe5 13. dxe5 g5 14. Bxe4
Bxe4 15. Qxe4 gxf4 16. Rad1 Qe8 17. gxf4 f5 18. Qc4+ Rf7 19. Kh1 Kh8 20. Rg1
Bc5 21. Rg5 Qc6+ 22. f3 Rd7 23. Rf1 Qd5 24. Qc2 Rf7 25. b4 Be7 26. Rxf5 Rxf5
27. Qxf5 Rf8 28. Qg4 Qc4 29. Rg1 Rg8 30. Qxg8+ Qxg8 31. Rxg8+ Kxg8 32. b5 Kf7
33. f5 Bg5 34. Kg2 Bf4 35. e6+ Ke7 36. h3 Kd6 37. Kf2 c5 38. bxc6 Kxc6 39. e3
Bg5 40. f4 Bh4+ 41. Ke2 b5 42. Kd3 a5 43. e4 Kc5 44. e5 Kd5 45. Kc3 Be1+ 46.
Kc2 Bh4 47. Kc3 Be1+ 48. Kc2 Bh4 49. Kc3 1/2-1/2

[Event "Open A"]
[Site "Livigno ITA"]
[Date "2010.09.17"]
[Round "8"]
[White "Kantorik, Marian"]
[Black "Stella, Andrea"]
[WhiteElo "2379"]
[BlackElo "2334"]
[Result "1/2-1/2"]
[PlyCount "63"]
[EventDate "2010.09.10"]

1. d4 Nf6 2. c4 e6 3. g3 c5 4. d5 exd5 5. cxd5 b5 6. Nf3 Bb7 7. e4 Nxe4 8. Bg2
Be7 9. O-O O-O 10. Re1 Nd6 11. Bf4 Na6 12. Nc3 b4 13. Na4 Rc8 14. Rc1 Re8 15.
Ne5 f6 16. Ng4 Bf8 17. h4 Rxe1+ 18. Qxe1 Qa5 19. b3 c4 20. h5 Bxd5 21. h6 Bxg2
22. hxg7 Bxg7 23. Kxg2 h5 24. Ne3 cxb3 25. axb3 Rxc1 26. Qxc1 Bf8 27. Qc2 Ne8
28. Qc4+ Kg7 29. Qc8 Nc5 30. Qxd7+ Kg8 31. Nb2 Qb6 32. Qc8 1/2-1/2

[Event "Open A"]
[Site "Livigno ITA"]
[Date "2010.09.17"]
[Round "8"]
[White "Lazic, Miroljub"]
[Black "Shachar, Ehud"]
[WhiteElo "2502"]
[BlackElo "2353"]
[Result "1/2-1/2"]
[PlyCount "44"]
[EventDate "2010.09.10"]

1. d4 e6 2. g3 f5 3. Bg2 Nf6 4. Nf3 d5 5. c4 c6 6. O-O Bd6 7. b3 Qe7 8. a4 a5
9. Ba3 Bxa3 10. Nxa3 O-O 11. Nc2 b6 12. Nce1 Bb7 13. Nd3 Na6 14. Rc1 c5 15.
cxd5 exd5 16. e3 Rac8 17. Re1 Nb4 18. Nfe5 Ne4 19. f3 Nf6 20. dxc5 bxc5 21. Qd2
Nd7 22. f4 Nf6 1/2-1/2

[Event "Open A"]
[Site "Livigno ITA"]
[Date "2010.09.17"]
[Round "8"]
[White "Michalik, Peter"]
[Black "Judkovsky, Yair"]
[WhiteElo "2455"]
[BlackElo "2315"]
[Result "1/2-1/2"]
[PlyCount "25"]
[EventDate "2010.09.10"]

1. d4 Nf6 2. c4 g6 3. g3 Bg7 4. Bg2 O-O 5. Nc3 d6 6. Nf3 Nbd7 7. O-O e5 8. e4
c6 9. h3 a6 10. Be3 exd4 11. Nxd4 Re8 12. Qc2 Qe7 13. Rfe1 1/2-1/2

[Event "Open A"]
[Site "Livigno ITA"]
[Date "2010.09.17"]
[Round "8"]
[White "Mlynek, Petr"]
[Black "Battistella, Stefano"]
[WhiteElo "2183"]
[BlackElo "2091"]
[Result "1-0"]
[PlyCount "83"]
[EventDate "2010.09.10"]

1. d4 Nf6 2. c4 e6 3. g3 d5 4. Nf3 dxc4 5. Bg2 Bb4+ 6. Bd2 c5 7. O-O Nc6 8.
dxc5 Bxc5 9. Qc2 O-O 10. Qxc4 Be7 11. Bf4 Qa5 12. Nbd2 Qh5 13. h3 Nd5 14. g4
Qg6 15. Bg3 Nb6 16. Qb3 h5 17. a4 hxg4 18. hxg4 f5 19. gxf5 Rxf5 20. Rfd1 Kh8
21. Nc4 Bc5 22. Nh4 Qg4 23. Nxb6 axb6 24. Nxf5 exf5 25. e3 f4 26. Bxf4 Be6 27.
Qd3 Rd8 28. Qf1 Rf8 29. Rd2 Rf7 30. Qd1 Qg6 31. Qf3 Bg4 32. Qg3 Qh5 33. Rd5 Rf5
34. Rxf5 Bxf5 35. Bf3 Qf7 36. Kg2 Kg8 37. Rd1 Be6 38. Be4 Be7 39. Bg5 Bf6 40.
b4 Bb3 41. Rd6 Be5 42. Rxc6 1-0

[Event "Open A"]
[Site "Livigno ITA"]
[Date "2010.09.17"]
[Round "8"]
[White "Waldner, Mirko"]
[Black "Raineri, Valerio"]
[WhiteElo "2064"]
[BlackElo "2114"]
[Result "0-1"]
[PlyCount "62"]
[EventDate "2010.09.10"]

1. e4 e5 2. f4 exf4 3. Nf3 d6 4. Bc4 h6 5. b3 Nf6 6. Nc3 g5 7. O-O Bg7 8. d4
Nc6 9. Bb2 O-O 10. Qe2 g4 11. Nh4 Nxd4 12. Qd3 Nd7 13. g3 f3 14. Kh1 c5 15. Bd5
Ne5 16. Qd2 Qg5 17. Qf2 Bf6 18. Rad1 Rd8 19. Rfe1 Rb8 20. Rxd4 cxd4 21. Qxd4
Ng6 22. Qc4 Nxh4 23. Bxf7+ Kg7 24. e5 Bxe5 25. Ne4 Qe7 26. Nxd6 Rxd6 27. Rxe5
Kf8 28. Bd5 Be6 29. Qf4+ Ke8 30. gxh4 f2 31. Ba3 Bxd5+ 0-1

[Event "Open A"]
[Site "Livigno ITA"]
[Date "2010.09.18"]
[Round "9"]
[White "Bertagnolli, Alexander"]
[Black "Naumkin, Igor"]
[WhiteElo "2395"]
[BlackElo "2483"]
[Result "0-1"]
[PlyCount "45"]
[EventDate "2010.09.10"]

1. e4 e6 2. b3 d5 3. Bb2 dxe4 4. Nc3 Nf6 5. g4 Nc6 6. g5 Nd5 7. Nxe4 e5 8. Bb5
Bd7 9. Qe2 Be7 10. O-O-O O-O 11. Nf3 Nd4 12. Nxd4 exd4 13. Bxd7 Qxd7 14. Qc4
Nf4 15. Rde1 c5 16. Nxc5 Bxc5 17. Qxc5 Rac8 18. Qc4 b5 19. Qxc8 Qxc8 20. Kb1
Qh3 21. Re7 Qd3 22. Ka1 Qxd2 23. Re4 0-1

[Event "Open A"]
[Site "Livigno ITA"]
[Date "2010.09.18"]
[Round "9"]
[White "Cimmino, Pietro"]
[Black "Mlynek, Petr"]
[WhiteElo "2098"]
[BlackElo "2183"]
[Result "0-1"]
[PlyCount "96"]
[EventDate "2010.09.10"]

1. e4 c6 2. d4 d5 3. Nc3 dxe4 4. Nxe4 Nd7 5. Nf3 Ngf6 6. Nxf6+ Nxf6 7. Ne5 Bf5
8. c3 Nd7 9. Nxf7 Kxf7 10. Qf3 e6 11. g4 g6 12. gxf5 exf5 13. Bc4+ Kg7 14. Rg1
Qe7+ 15. Be3 Qe4 16. Qh3 Nb6 17. Qh6+ Kf6 18. Qg5+ Kg7 19. Bb3 Nd5 20. O-O-O
Nxe3 21. fxe3 Re8 22. Rde1 Be7 23. Qg2 Qxg2 24. Rxg2 Bh4 25. Rf1 Kf6 26. Kd2
Re7 27. c4 Rhe8 28. Rf3 Bg5 29. Rgg3 h5 30. Bc2 h4 31. Rh3 a5 32. Ke2 Kg7 33.
e4 fxe4 34. Ra3 b6 35. Ba4 Rd8 36. Rab3 Rxd4 37. Bxc6 Rf7 38. Rxb6 Rd2+ 39. Ke1
Rff2 40. Be8 Rfe2+ 41. Kf1 Bf6 42. Rb7+ Kh6 43. Rb6 Kg5 44. Ra3 Rxh2 45. Rxa5+
Kh6 46. Ke1 Rde2+ 47. Kf1 Rhf2+ 48. Kg1 e3 0-1

[Event "Open A"]
[Site "Livigno ITA"]
[Date "2010.09.18"]
[Round "9"]
[White "Codenotti, Marco"]
[Black "Valsecchi, Alessio"]
[WhiteElo "2175"]
[BlackElo "2331"]
[Result "1-0"]
[PlyCount "63"]
[EventDate "2010.09.10"]

1. e4 e6 2. d4 d5 3. Nd2 f5 4. e5 c5 5. c3 Nc6 6. Ne2 Qb6 7. Nf4 Nh6 8. Nf3 Bd7
9. Ng5 cxd4 10. Ngxe6 Bxe6 11. Nxe6 Ng4 12. Be2 Nxf2 13. Kxf2 dxc3+ 14. Be3 d4
15. Bxd4 Nxd4 16. Qxd4 Qxd4+ 17. Nxd4 cxb2 18. Rad1 Bc5 19. Kf3 b1=Q 20. Rxb1
Bxd4 21. Rxb7 O-O 22. e6 Rfe8 23. e7 Kf7 24. Bc4+ Kf6 25. Re1 Rac8 26. Re6+ Kg5
27. Bb5 Rc2 28. Bxe8 Kh4 29. Re2 Rc3+ 30. Kf4 Rc5 31. g3+ Kh3 32. Bd7 1-0

[Event "Open A"]
[Site "Livigno ITA"]
[Date "2010.09.18"]
[Round "9"]
[White "Cordova, Emilio"]
[Black "Michalik, Peter"]
[WhiteElo "2539"]
[BlackElo "2455"]
[Result "1-0"]
[PlyCount "129"]
[EventDate "2010.09.10"]

1. d4 d5 2. Nf3 Nf6 3. c4 c6 4. e3 Bf5 5. Nc3 e6 6. Nh4 Be4 7. f3 Bg6 8. Qb3
Qb6 9. Nxg6 hxg6 10. Bd2 Nbd7 11. O-O-O g5 12. Be2 Bd6 13. h3 Rc8 14. c5 Qxb3
15. axb3 Be7 16. b4 a6 17. e4 Nh5 18. Rhe1 Kf8 19. Bd3 Nf4 20. Bf1 Nf6 21. Be3
Bd8 22. Kc2 g6 23. Rd2 dxe4 24. fxe4 Bc7 25. Bc4 Kg7 26. d5 Be5 27. dxe6 fxe6
28. Bxf4 Bxf4 29. Rd3 Rcd8 30. e5 Nh5 31. Ne4 Rxd3 32. Bxd3 Ng3 33. Nd6 Rb8 34.
Bc4 Nf5 35. Kd3 Kf8 36. Bxe6 Ng7 37. Bc8 b6 38. Bxa6 bxc5 39. bxc5 Ne6 40. Bc4
Nxc5+ 41. Kd4 Nb3+ 42. Bxb3 Rxb3 43. Nc4 Rb5 44. Ra1 Rd5+ 45. Ke4 Ke7 46. b4
Rb5 47. Ra6 Rxb4 48. Rxc6 Kd7 49. Rd6+ Ke7 50. Rc6 Kd7 51. Rc5 Rb1 52. Rd5+ Ke7
53. Rd3 Rb4 54. Kd5 Rb5+ 55. Kc6 Rb1 56. g3 Bc1 57. Rd7+ Ke6 58. Rd6+ Kf7 59.
Rf6+ Ke7 60. Rxg6 Rb3 61. Nd6 Kf8 62. e6 Rxg3 63. Kd7 Re3 64. Rf6+ Kg7 65. Rf1
1-0

[Event "Open A"]
[Site "Livigno ITA"]
[Date "2010.09.18"]
[Round "9"]
[White "Hrzica, Rok"]
[Black "Kantorik, Marian"]
[WhiteElo "2308"]
[BlackElo "2379"]
[Result "1/2-1/2"]
[PlyCount "84"]
[EventDate "2010.09.10"]

1. e4 c6 2. d4 d5 3. Nc3 dxe4 4. Nxe4 Bf5 5. Ng3 Bg6 6. Nf3 e6 7. h4 h6 8. h5
Bh7 9. Bd3 Bxd3 10. Qxd3 Nf6 11. Bf4 Qa5+ 12. Bd2 Qc7 13. O-O-O Nbd7 14. Qe2
O-O-O 15. Ne5 Nxe5 16. dxe5 Nd5 17. f4 Be7 18. c4 Nb4 19. Bxb4 Bxb4 20. Ne4
Rxd1+ 21. Rxd1 Rd8 22. Kc2 Rxd1 23. Qxd1 f5 24. exf6 Qxf4 25. Qf3 Qxf3 26. gxf3
gxf6 27. Nxf6 Bf8 28. b3 Bg7 29. Ng4 Kd7 30. f4 Kd6 31. Kd3 a5 32. Nf2 Kc5 33.
Ne4+ Kb4 34. Nd6 b6 35. Nf7 Ka3 36. Nd8 Kxa2 37. Kc2 e5 38. fxe5 Bxe5 39. Nxc6
Bd6 40. Nd4 Be5 41. Nc6 Bd6 42. Nd4 Be5 1/2-1/2

[Event "Open A"]
[Site "Livigno ITA"]
[Date "2010.09.18"]
[Round "9"]
[White "Petkov, Vladimir"]
[Black "Skliba, Martin"]
[WhiteElo "2513"]
[BlackElo "2287"]
[Result "1-0"]
[PlyCount "111"]
[EventDate "2010.09.10"]

1. Nf3 Nf6 2. c4 g6 3. Nc3 Bg7 4. e4 e5 5. Nxe5 Nxe4 6. Nxe4 Bxe5 7. d4 Bg7 8.
Bg5 f6 9. Be3 O-O 10. g3 d6 11. Bg2 c6 12. O-O f5 13. Nc3 Nd7 14. Qd2 Nf6 15.
Rfe1 Nh5 16. Bg5 Bf6 17. Bxf6 Qxf6 18. b4 Bd7 19. d5 Rac8 20. dxc6 Bxc6 21. Nd5
Bxd5 22. Qxd5+ Kh8 23. Rad1 f4 24. Re6 Qb2 25. Qd4+ Qxd4 26. Rxd4 b5 27. Rexd6
bxc4 28. Bc6 fxg3 29. hxg3 c3 30. Rc4 Rf6 31. Rxf6 Nxf6 32. b5 Nd5 33. Rc5 Ne7
34. Rxc3 a6 35. a4 axb5 36. axb5 Kg7 37. Kg2 h5 38. Rc2 Kf6 39. Kf3 g5 40. Rc5
Rb8 41. Ke4 h4 42. gxh4 gxh4 43. Rc3 Ke6 44. f4 Rb6 45. Kf3 Rb8 46. Re3+ Kf6
47. Bd7 Rb6 48. Ra3 Rb7 49. Ra6+ Kg7 50. Rd6 Ra7 51. Kg4 Ra1 52. Kxh4 Ng6+ 53.
Kg5 Rg1+ 54. Bg4 Nh8 55. Rd1 Nf7+ 56. Kh4 1-0